书目信息 |
| 题名: |
中国思想史参考资料集
|
|
| 作者: | 彭林 , 黄朴民 主编 | |
| 分册: | 先秦至魏晋南北朝卷 | |
| 出版信息: | 北京 清华大学出版社 2005.11 |
|
| 页数: | 321页 | |
| 开本: | 20cm | |
| 丛书名: | ||
| 单 册: | ||
| 中图分类: | B2 | |
| 科图分类: | ||
| 主题词: | 哲学--中国 | |
| 电子资源: | ||
| ISBN: | 7-302-11690-3 | |
| 000 | 00790nam0 2200241 45 | |
| 001 | 1134150695 | |
| 005 | 20110830093201.48 | |
| 010 | @a7-302-11690-3@dCNY35.00 | |
| 100 | @a20110620d2005 ekmy0 y0120 ea | |
| 102 | @aCN@b130000 | |
| 102 | @aCN@b110000 | |
| 105 | @ay z 000yy | |
| 200 | 1 | @a中国思想史参考资料集@Azhong guo si xiang shi can kao zi liao ji@i先秦至魏晋南北朝卷@f彭林, 黄朴民主编@Fpeng lin,huang pu min zhu bian |
| 210 | @a北京@c清华大学出版社@d2005.11 | |
| 215 | @a321页@d20cm | |
| 517 | 1 | @a先秦至魏晋南北朝卷@Axian qin zhi wei jin nan bei chao juan |
| 606 | 0 | @a哲学@x中国 |
| 690 | @aB2@v4 | |
| 701 | 0 | @a彭林@Apeng lin@4主编 |
| 701 | 0 | @a黄朴民@Ahuang pu min@4主编 |
| 801 | 0 | @aCN@b安徽儒林@c20110830 |
| 905 | @a10447@dB2@eP515 | |
| 906 | @cQH@dCNY35.00@n5@r1 | |
| 中国思想史参考资料集.先秦至魏晋南北朝卷/彭林, 黄朴民主编.-北京:清华大学出版社,2005.11 |
| 321页;20cm |
| ISBN 7-302-11690-3:CNY35.00 |
| ● |
| 相关链接 |
|
|
|
正题名:中国思想史参考资料集
索取号:B2/P515
 
预约/预借
| 序号 | 登录号 | 条形码 | 馆藏地/架位号 | 状态 | 备注 |
| 1 | 842700 | 208427004 | 社科库509/509社科库 8排3列6层/ [索取号:B2/P515] | 在馆 | |
| 2 | 842701 | 208427013 | 社科库509/422社科库 47排2列1层/ [索取号:B2/P515] | 在馆 | |
| 3 | 842702 | 208427022 | 社科库509/422社科库 47排2列1层/ [索取号:B2/P515] | 在馆 | |
| 4 | 842703 | 208427031 | 社科库509/509社科库 8排3列6层/ [索取号:B2/P515] | 在馆 | |
| 5 | 842704 | 208427040 | 社科库509/509社科库 8排3列6层/ [索取号:B2/P515] | 在馆 |